Türkiye Country Quiz - Statistics

General Stats
  • This quiz has been taken 166 times
    69 since last reset
  • The average score is 14 of 22
Answer Stats
Hint Answer % Correct
Current Leader Recep Tayyip Erdoğan
91%
Independent Since 1923
89%
Capital Ankara
89%
Number of Provinces 81
86%
Main Language Turkish
86%
Main Religion Islam
83%
Borders Bulgaria
77%
Borders Iran
77%
Borders Iraq
77%
Borders Greece
75%
Borders Syria
75%
Borders Armenia
68%
Main Ally Azerbaijan
66%
Borders Azerbaijan
66%
Borders Georgia
66%
Former Part of Ottoman Empire
66%
Formerly Called Turkey
66%
Currency Turkish Lira
66%
Global Firepower Rating (out of 145) 9
46%
Tallest Mountain Mount Ağrı
9%
Form of Government Dictatorship
5%
Main Export Cars
2%
No matching quizzes found
Score Distribution
Percent of People with Each Score
Percentile by Number Answered
Your Score History
You have not taken this quiz since the last reset